000 00416nam a2200145 a 4500
001 000044337
005 20201002045313.0
008 140617s199? dr a r 000 0 spa d
040 _aDO-SdBNP
_bspa
_cBNPHU
082 _axxxxxx
_bxxxxxx
245 0 0 _aRamón Matías Mella :
_bprócer de la patria.
260 _aSanto Domingo :
_bEl siglo,
_c199?
300 _a32 p. :
_bil. ;
_c27 cm.
504 _aBibliografías : p. 29
999 _c43826
_d43826